| 000 | 01989nam a22003137a 4500 | ||
|---|---|---|---|
| 005 | 20111129120543.0 | ||
| 008 | 111129t xxu||||| |||| 00| 0 eng d | ||
| 010 | _aENG-104232 | ||
| 020 |
_a9788120344426 _c495.00 |
||
| 035 | _aEN-87765 | ||
| 037 | _bDBAD / PUB | ||
| 040 |
_aDPL _bEng |
||
| 082 | 1 | 4 | _a005.2762 |
| 100 | 1 |
_aSuehring, Steve _936251 |
|
| 245 | 1 |
_aJavaScript step by step / _cby Steve Suehring |
|
| 250 | _a2nd ed | ||
| 260 |
_aNew Delhi _bPHI Learning _c2012 |
||
| 270 |
_aM-97, Connaught Circus _bNew Delhi _cDelhi _e110001 |
||
| 300 |
_axxii, 476 p. : _c24cm(pbk) _bill. |
||
| 490 |
_aStep by step _936252 |
||
| 500 | _aIncludes index | ||
| 500 | _aPrevious ed.: 2008. | ||
| 505 | _aJavaWhat : the where, why and how of JavaScript. JavaScript is more than you might think ; Developing in JavaScript ; JavaScript syntax and statements ; Working with variables and data types ; Using operators and expressions -- Applying JavaScript. Controlling flow with conditionals and loops ; working with functions ; Objects in JavaScript ; The browser object model -- Integrating JavaScript into design. The document object model ; JavaScript events and the browser ; Creating and consuming cookies ; Working with images in JavaScript ; Using JavaScript with web forms ; JavaScript and CSS ; JavaScript error handling -- AJAX and beyond. JavaScript and XML ; JavaScript applications ; A touch of AJAX ; A bit deeper into AJAX -- jQuery. An introduction to JavaScript libraries and frameworks ; An introduction to jQuery ; jQuery effects and plug-ins. | ||
| 520 | _aProvides information on creating Web applications with JavaScript. | ||
| 650 |
_aJavaScript (Computer program language) _936253 |
||
| 650 |
_2Sears _aJavaScript (Computer language) _936254 |
||
| 942 |
_adpl _cEN _2ddc _h005.2762 _mSUE |
||
| 999 |
_c58782 _d58782 |
||